000 00420nam a22001337a 4500
003 macl
005 20180422153030.0
008 180422b xxu||||| |||| 00| 0 eng d
040 _cmacl
100 _aनन्‍दकिशोर आचार्य
_948183
245 _aमुरझाने को खिलाते हुए
600 _aनन्‍दकिशोर आचार्य
_948183
942 _2ddc
_cHIN
999 _c57882
_d57882